Le mastaba d'Akhethetep /

محفوظ في:

مؤلفون آخرون: Ziegler, Christiane.

التنسيق: كتاب

اللغة: French

منشور في: Paris : Musée du Louvre éditions ; Peeters, 2007.

سلاسل: Fouilles du Louvre à Saqqara ; 1.

الموضوعات:

الوسوم: إضافة وسم

لا توجد وسوم, كن أول من يضع وسما على هذه التسجيلة!

رقم الطلب: ( F )DT73 .S3 L55 v.1

LEADER 01125nam a2200265Ia 4500
003 OSt
005 20240826115506.0
008 230909s2007 fr a b 000 0 fre c
952 |0 0  |1 0  |2 lcc  |3 V.1  |4 0  |7 1  |9 49857  |a ARCE  |b ARCE  |d 2023-09-09  |l 0  |o ( F )DT73 .S3 L55 v.1  |p 1031764  |r 2023-09-09 00:00:00  |w 2023-09-09  |y BK 
999 |c 54480  |d 54480 
020 |a 9782350310848 (Louvre) 
040 |c ARCE Library 
050 4 |a ( F )DT73 .S3 L55 v.1 
245 0 3 |a Le mastaba d'Akhethetep /   |c sous la direction de Christiane Ziegler ; Christiane Ziegler ... [et al.] ; avec la collaboration de Sophie Labbé-Toutée et Laurence Cotelle-Michel.  
264 1 |a Paris :   |b Musée du Louvre éditions ;   |b Peeters,   |c 2007. 
300 |a 248 p. :   |b ill. (some col.) ;   |c 33 cm. 
490 0 |a Fouilles du Louvre à Saqqara ; 1. 
500 |a Seven folded plates in pocket. 
504 |a Includes bibliographical references. 
600 0 0 |a Akhethetep, -- active 25th century B.C. -- Tomb. 
650 0 |a Tombs -- Egypt -- Ṣaqqārah. 
651 0 |a Ṣaqqārah (Egypt) -- Antiquities. 
700 |a Ziegler, Christiane. 
901 |a reviewed 
942 |2 lcc  |c BK